00516 2200193 4500001002100000005001500021035002000036007000300056008004100059020001800100082001000118084001600128100002000144245004500164260003800209300004400247650001500291990001600306INLIS00000000000013420231013025740 a0010-1023000070ta231013 g 0 ind  a979-489-275-0 a636.3 a636.3 TIT p0 aTitik Sudaryani1 aPembibitan Ayam Buras /cTitik Sudaryani aJakarta :bPenebar Swadaya,c1996 aviii, 79 hlm, :bilus, ;c14 cm x 21 cm 4aAyam Buras a00000000140